000 00285nam a22001097a 4500
082 _a320
_bMAK
100 _aMakarevic, Nedim
245 _aInfluence of IT Security on banks' competitiveness /
_cNedim Makarevic
300 _a127p. ;
_c22 cm.
563 _aPBK.
942 _2ddc
_cBK
999 _c589065
_d589065